Central Library and Information Centre
Sibsagar Girls' College, Sivasagar : Assam

SAHITYIKAR ANTAHJAGAT (Record no. 4096)

MARC details
000 -LEADER
fixed length control field 00392cam a2200169ua 4500
008 - FIXED-LENGTH DATA ELEMENTS--GENERAL INFORMATION
fixed length control field 121106n II |||gr||||Z||||||asm
040 ## - CATALOGING SOURCE
Original cataloging agency MAIN
041 ## - LANGUAGE CODE
-- English
082 ## - DEWEY DECIMAL CLASSIFICATION NUMBER
Classification number 891.451 BAR
100 ## - MAIN ENTRY--PERSONAL NAME
Personal name BARUAH, BIRESWAR.
245 ## - TITLE STATEMENT
Title SAHITYIKAR ANTAHJAGAT
260 ## - PUBLICATION, DISTRIBUTION, ETC.
Place of publication, distribution, etc. DHUBURI:
Name of publisher, distributor, etc. PRATIBHA ROY.,
Date of publication, distribution, etc. 1990.
300 ## - PHYSICAL DESCRIPTION
Extent 34:
Dimensions 18CM.
942 ## - ADDED ENTRY ELEMENTS (KOHA)
Koha item type Books
653 ## - INDEX TERM--UNCONTROLLED
Uncontrolled term Asomiya Sahitya
Holdings
Withdrawn status Lost status Damaged status Not for loan Collection code Home library Current library Shelving location Date acquired Full call number Barcode Date last seen Copy number Price effective from Koha item type Public note
        REFASM Central Library and Information Centre Sibsagar Girls College Central Library and Information Centre Sibsagar Girls College   06.06.1990 891.451 BAR 12399 27.02.2020 1 27.02.2020 Books V
        TBASM Central Library and Information Centre Sibsagar Girls College Central Library and Information Centre Sibsagar Girls College Staff Office 06.06.1990 891.451 BAR 12400 27.02.2020 2 27.02.2020 Books V
        REFASM Central Library and Information Centre Sibsagar Girls College Central Library and Information Centre Sibsagar Girls College   06.06.1990 891.451 BAR 12401 27.02.2020 3 27.02.2020 Books  


Sibsagar Girl's College © 2020. All rights reserved.
Powered by Koha.
Maintained by Abhijit Borpuzari.